000 01036nam a2200277Ia 4500
999 _c4308
_d4308
003 OSt
005 20200331110045.0
008 191128s2017 ck gr 000 0 spa d
020 _a9789585624504
040 _aCO-JMCR
_cCO-JMCR
041 _aspa
082 0 4 _a070.442 /
_bM912m
100 1 _aMosquera R., José L.,
_eautor
_91319
245 1 3 _aEl monte arrullador /
_cJosé L. Mosquera R. Twandré ; coordinador Juan Álvarez, Juan Cárdenas, Elizabeth Valenzuela
260 _aBogotá :
_bMinisterio de Ambiente y Desarrollo Sostenible,
_c2017
300 _a18 páginas ;
_c21 cm.
490 0 _aMaletín de relatos pacíficos
650 1 4 _aLiteratura colombiana
_ySiglo XXI
_91320
650 2 4 _aPoesía colombiana
_ySiglo XXI
_91321
650 2 4 _aCuentos colombianos
_ySiglo XXI
_91322
650 2 4 _aNovela colombiana
_ySiglo XXI
_91323
700 1 _aÁlvarez, Juan,
_ecoordinador
_91264
700 1 _aCárdenas, Juan,
_ecoordinador
_91268
700 1 _aValenzuela, Elizabeth,
_ecoordinador
_91269
942 _2ddc
_cBK